000 00517nam a2200181 4500
008 b xx# fre u
010 _a42804
040 _aLB-BrCRDP
082 _a025.1/A317p
100 1 _aAlain, Jean-Marc
130 0 _lFR
245 1 0 _aPour une gestion adaptée des services documentaires
_cJean-Marc Alain
260 _aMontréal
_bAgence d'Arc
_c1988
300 _axiii, 141p. ;
_c23 cm
650 _aDocumentation, Services de gestion
942 _cBK
999 _c10530
_d10530